Counties of Northern Ireland - Statistics

General Stats
  • This quiz has been taken 28 times
  • The average score is 6 of 6
Answer Stats
Hint Answer % Correct
Armagh
100%
London.... Derry
96%
Fermanagh
96%
Antrim
91%
Tyrone
87%
Down
83%
No matching quizzes found
Score Distribution
Percent of People with Each Score
Percentile by Number Answered
Your Score History
You have not taken this quiz